Statistiques concernant Villes françaises commençant par A

Cliquez ici pour prendre le quiz!

Statistiques générales

  • Ce quiz a été pris 413 fois
  • Le résultat moyen est 6 sur 12

Statistiques - réponses

popville% Correct
132 000Amiens
78%
151 000Angers
75%
124 000Annecy
63%
92 000Avignon
63%
142 000Aix-en-Provence
58%
109 000Argenteuil
43%
76 000Antibes
42%
80 000Aubervilliers
41%
69 000Ajaccio
39%
87 000Asnières-sur-Seine
33%
82 000Aulnay-sous-Bois
31%
62 000Antony
25%

Distribution des résultats

Percentile par nombre de réponses

% des personnes avec chaque résultat

Votre développement - résultats

Vous n’avez pas pris ce quiz